000 00330nam a22001337a 4500
008 231104b |||||||| |||| 00| 0 eng d
020 _a9780070683518
040 _a06
100 _aVELTE. T .ANTHONY
245 _aCLOUD COMPUTING
260 _aNEW DELHI ARISTA PUB
_bMC GRAW HILL PUB
_c31/10/2023
300 _a334
942 _c02
999 _c57632
_d57632